| 000 | 00473nmm a2200157Ia 4500 | ||
|---|---|---|---|
| 008 | 251105s9999||||xx |||||||||||||||||und|| | ||
| 020 | _a9789875914582 | ||
| 041 | _aspa | ||
| 100 | _aManelli, Daniel E. | ||
| 245 | 0 | _aCrianza artificial de terneros : teoría y experiencia | |
| 264 |
_a[Buenos Aires, Argentina] : _bEditorial Brujas, _c2014 |
||
| 300 | _a128 páginas | ||
| 650 | _aAgriculture | ||
| 856 | _uhttps://public.digitaliapublishing.com/a/35406 | ||
| 942 | _cCF | ||
| 999 |
_c97493 _d97493 |
||